000 00258nam a2200097 4500
245 _aTourism in India
_cV.P. Bendre
100 _aBendre, V.P
260 _aMaharashtra
_bA.B.Dashrathe Parimal Prakashan
_c1979
300 _a[2], 295p.; 22cm.
082 _a915.404
_bBEN
999 _c2958
_d2958